Manual de derecho ambiental mexicano

Shranjeno v:
Bibliografske podrobnosti
Glavni avtor: Brañes, Raúl (Author)
Format: Knjiga
Jezik:španščina
Izdano: Ciudad de México Fondo de Cultura Económica 2000
Izdaja:2a. ed
Serija:Colección Política y Derecho
Teme:
Oznake: Označite
Brez oznak, prvi označite!

MARC

LEADER 00000nam a2200000 a 4500
001 UCI9835
003 CL-VaPUC
008 081212e20000000MX |||||||||||||||||spa|d
020 |a 9681661699 
082 0 4 |a 344.72046  |b BRA  |2 21 
100 0 |a Brañes, Raúl  |e author  |9 533809 
245 1 0 |a Manual de derecho ambiental mexicano 
250 |a 2a. ed 
300 |a 770 p 
942 |c BK 
945 |d 20081212 00:00:00  |a jtorresc 
260 |a Ciudad de México  |b Fondo de Cultura Económica  |c 2000 
650 0 |a Derecho ambiental   |9 257835 
650 0 |a Política ambiental  |9 262970 
650 0 |a Medio ambiente  |9 257625 
650 0 |a Protección del medio ambiente  |9 257626 
651 0 |a México  |9 255269 
583 |a last modification  |c 20161003 10:14:00  |k Rodrigo Vera 
490 0 |a Colección Política y Derecho 
999 |c 332293  |d 332291 
952 |0 0  |1 0  |4 0  |6 344_720460000000000_BRA_2000  |7 0  |8 A  |9 419864  |a BIBDER  |b BIBDER  |d 2019-11-22  |i 450349K  |l 1  |m 1  |o 344.72046 BRA 2000  |p 450349K  |r 2023-01-25  |s 2021-09-03  |w 2019-11-22  |y BK  |k DER